Normal view MARC view
  • Malcak, Linda Nagel

Entry Personal Name

Number of records used in: 1

001 - CONTROL NUMBER

  • control field: 35733

003 - CONTROL NUMBER IDENTIFIER

  • control field: NUST

005 - DATE AND TIME OF LATEST TRANSACTION

  • control field: 20210222103056.0

008 - FIXED-LENGTH DATA ELEMENTS

  • fixed length control field: 210222|| aca||aabn | a|a d

040 ## - CATALOGING SOURCE

  • Original cataloging agency: NUST
  • Transcribing agency: NUST

100 ## - HEADING--PERSONAL NAME

  • Personal name: Malcak, Linda Nagel

670 ## - SOURCE DATA FOUND

  • Source citation: Work cat.: (NUST)2903: Jenings, Judy. 35729, Communication basics /, c2004.
© 2023 Central Library, National University of Sciences and Technology. All Rights Reserved.